书目信息 |
| 题名: |
魔术长笛教程
|
|
| 作者: | 吉丝勒-哈泽 著 ;王嘉 译 | |
| 分册: | 2 | |
| 出版信息: | 上海 上海音乐出版社 2014 |
|
| 页数: | 109页 | |
| 开本: | 31cm | |
| 丛书名: | ||
| 单 册: | ||
| 中图分类: | J621.16 | |
| 科图分类: | ||
| 主题词: | 长笛--chang di--吹奏法--教材 | |
| 电子资源: | ||
| ISBN: | 978-7-5523-0524-1 | |
| 000 | 01197nam0 2200289 450 | |
| 001 | 340494 | |
| 005 | 20150625154326.54 | |
| 010 | @a978-7-5523-0524-1@dCNY52.00 | |
| 010 | @a978-7-88880-882-9@b光盘 | |
| 100 | @a20140818d2014 em y0chiy50 ea | |
| 101 | 1 | @achi@cger |
| 102 | @aCN@b310000 | |
| 105 | @aag z 000yy | |
| 106 | @ar | |
| 200 | 1 | @a魔术长笛教程@Amo shu chang di jiao cheng@h2@d= Die neue magic flute@h2@f芭芭拉·吉丝勒-哈泽著@fBarbara Gisler-Haase@g王嘉译@zger |
| 210 | @a上海@c上海音乐出版社@c上海文艺音像电子出版社@d2014 | |
| 215 | @a109页@c图, 乐谱@d31cm@e光盘1片@e钢琴伴奏谱1册 (28页) | |
| 300 | @a原版引进 | |
| 306 | @a维也纳环球出版社提供版权 | |
| 330 | @a本书包含了很多二重奏和小练习曲, 其中大多来自早期巴洛克到浪漫主义时期不被熟知的作品, 并摘选自其历史首印版本。书中包含基础演奏技法、基础练习和与教学配套的各种练习曲, 内容上介绍了更多的现代长笛演奏技巧以及爵士演奏风格。 | |
| 500 | 10 | @aNeue magic flute@h2@mChinese |
| 606 | 0 | @a长笛@Achang di@x吹奏法@j教材 |
| 690 | @aJ621.16@v5 | |
| 701 | 1 | @a吉丝勒-哈泽@Aji si le-ha ze@g(Gisler-Haase, Barbara)@4著 |
| 702 | 0 | @a王嘉@Awang jia@4译 |
| 801 | 0 | @aCN@b卓展宏图@c20150525 |
| 905 | @dJ621.16@e255:2@f4 | |
| 魔术长笛教程.2= Die neue magic flute.2/芭芭拉·吉丝勒-哈泽著/Barbara Gisler-Haase/王嘉译.-上海:上海音乐出版社:上海文艺音像电子出版社,2014 |
| 109页:图, 乐谱;31cm+光盘1片+钢琴伴奏谱1册 (28页) |
| 原版引进 |
| ISBN 978-7-5523-0524-1:CNY52.00 |
| 本书包含了很多二重奏和小练习曲, 其中大多来自早期巴洛克到浪漫主义时期不被熟知的作品, 并摘选自其历史首印版本。书中包含基础演奏技法、基础练习和与教学配套的各种练习曲, 内容上介绍了更多的现代长笛演奏技巧以及爵士演奏风格。 |
| ● |
| 相关链接 |
|
|
|
|
正题名:魔术长笛教程
索取号:J621.16/255:2
 
预约/预借
| 序号 | 登录号 | 条形码 | 馆藏地/架位号 | 状态 | 备注 |
| 1 | 865897 | 208658978 | 第一样本阅览室/ [索取号:J621.16/255:2] | 在馆 | |
| 2 | 865898 | 208658987 | 密集书库-音乐系/ [索取号:J621.16/255:2] | 在馆 | |
| 3 | 865899 | 208658996 | 第一借阅区/ [索取号:J621.16/255:2] | 在馆 | |
| 4 | 865900 | 208659003 | 第一借阅区/ [索取号:J621.16/255:2] | 在馆 |